00927nam a2200193Ia 4500952011400000999001700114008004100131020001500172050002300187100004500210245007200255260003400327300001500361504003300376505023500409519004300644650003400687942001200721 00104070a03b03d2008-10-15l23m1oKGF5819 H47 2006p03 006150r2017-07-06s2017-07-06t1w2012-07-20yLB c78642d78642120720s2006 mx 000 0 spa d a9700769089 aKGF5819 bH47 2006 aHernández Pliego, Julio Antonioeautor aPrograma de derecho procesal penal c / Julio A. Hernández Pliego aMéxicob : Porrúac, 2006 axiii, 398  aBibliografía (pp. 383-387) aDerecho procesal penal Sujetos procesales La averiguación previa La acción penal Los actos del proceso penal La preinstrucción Instrucción Los medios de prueba Primera instancia La sentencia Segunda instancia Incidentes  aMaterial Complementario /d(03 006150) 0aPROCEDIMIENTO PENALzMÉXICO 2lcccLB